2720-京都市伏見区(京都府)の駅 - Statistics

General Stats
  • This quiz has been taken 6 times
  • The average score is 18 of 21
Answer Stats
Answer % Correct
中書島
100%
伏見桃山
100%
丹波橋
100%
藤森
100%
伏見稲荷
100%
六地蔵
100%
伏見
100%
近鉄丹波橋
100%
JR藤森
100%
稲荷
83%
桃山
83%
竹田
83%
桃山御陵前
83%
67%
墨染
67%
龍谷大前深草
67%
観月橋
67%
桃山南口
67%
上鳥羽口
67%
向島
67%
くいな橋
67%
No matching quizzes found
Score Distribution
Percent of People with Each Score
Percentile by Number Answered
Your Score History
You have not taken this quiz